000
00338nam a2200145Ia 4500
005
20250324133049.0
008
240331s9999 xx 000 0 und d
082
_b
JAB
_a
894
100
_a
Jabbar, I
245
0
_a
Puthumai penn
260
_a
Rajagiriya
_b
Thamil Mandram
_c
1989
300
_a
106 p .,
650
_a
Short Stories
942
_c
L
999
_c
3866
_d
3866